Creating and managing woodlands around towns /
Saved in:
| Main Author: | |
|---|---|
| Corporate Author: | |
| Format: | Book |
| Language: | English |
| Published: |
London :
HMSO,
c1995.
|
| Series: | Forestry Commission handbook ;
11. |
| Subjects: | |
| Tags: |
Add Tag
No Tags, Be the first to tag this record!
|
| LEADER | 01351cam a2200385Ia 4500 | ||
|---|---|---|---|
| 001 | 005992017-3 | ||
| 005 | 20020606163548.3 | ||
| 008 | 950629s1995 enkab b f001 0 eng d | ||
| 010 | |a gb 95057016 | ||
| 015 | |a GB95-57016 | ||
| 020 | |a 0117103284 (pbk.) | ||
| 035 | 0 | |a ocm32729993 | |
| 040 | |a EUN |c EUN |d UKM |d AGL |d CUY |d UIU |d FLL | ||
| 041 | 0 | |a engfregerspa | |
| 043 | |a e-uk--- | ||
| 050 | 4 | |a SB436 |b .H57 1995 | |
| 072 | 0 | |a K200 | |
| 082 | 0 | 4 | |a 333.7840941 |2 20 |
| 090 | |a SB436 |b .H57 1995 | ||
| 100 | 1 | |a Hodge, Simon J. | |
| 245 | 1 | 0 | |a Creating and managing woodlands around towns / |c Simon J. Hodge. |
| 260 | |a London : |b HMSO, |c c1995. | ||
| 300 | |a x, 176 p. : |b ill. (some col.), maps (some col.) : |c 20 x 21 cm. | ||
| 490 | 1 | |a Forestry Commission handbook ; |v 11 | |
| 546 | |a English, with introd. in English, French, German and Spanish. | ||
| 504 | |a Includes bibliographical references and index. | ||
| 650 | 0 | |a Trees in cities |z Great Britain. | |
| 650 | 0 | |a Urban forestry |z Great Britain. | |
| 653 | 0 | |a Urban regions |a Forests | |
| 653 | 0 | |a Great Britain | |
| 710 | 1 | |a Great Britain. |b Forestry Commission. | |
| 776 | 0 | 8 | |i Online version: |a Hodge, Simon J. |t Creating and managing woodlands around towns. |d London : H.M.S.O., ©1995 |w (OCoLC)904151589 |
| 830 | 0 | |a Forestry Commission handbook ; |v 11. | |
| 988 | |a 20020608 | ||
| 906 | |0 OCLC | ||


